000 00566nam a2200205 4500
001 7315
005 20230410115622.0
008 060907n2001 dr spa
020 _a2130510086
035 _9funglode7379
041 _aFR
050 1 4 _aHF 5548.32 M115c 2001
100 _aMacarez, Nicolas
245 1 _aLe commerce électronique /
_cNicolas Macarez, Fran‡ois Leslé
260 _aParis :
_bPress Universitaires de France,
_c2001
300 _a127 p.
440 _aQue sais-je? ;
_v3605
700 _aLeslé, Fran‡ois
942 _2lcc
_cbk
999 _c44779
_d44779